000 00607nam a2200193Ia 4500
003 GCL
008 140319s9999 xx 000 0 ara d
040 _aGCL /
_cGCL
082 0 4 _a808.068
_bع ط
100 1 _aعبدالرزاق جعفر
245 1 0 _aالطفل والشعر : دراسة فى ادب الاطفال /
_cعبدالرزاق جعفر
260 _a[S.N] :
_bدار الجيل ،
_c1992
300 _a149 ص ؛
_c22 سم
490 _a
650 0 4 _aادب الاطفال
650 0 4 _aكتب الاطفال
650 0 4 _aادب الاطفال - تاريخ ونقد
942 _2ddc
_cBK
999 _c56149
_d56149